000 00322nam a2200133Ia 4500
003 OSt
008 191201s2011 xx 000 0 und d
082 _a620.119
_bKUM
100 _aKUMAR, A
245 0 _aMaterials and metallurgy
260 _c2011
_bDhanpat Rai Pubns (P) Ltd
_aNew Delhi
300 _amisc.
942 _2ddc
_cBK
999 _c8108
_d8108